000 00458nam a2200169 4500
001 6702
005 20250811160015.0
008 910911s1991 cau b 001 0 eng d
010 _a91065170
020 _a9788195896714
020 _a9788195896714
100 _aSharma,Shri,Krishna
245 1 0 _aThe concept of GOD:
_bbased on Indian Philosophy,Volume I.
260 _aIndia:
_b"Sadhan Press
_c 2022
300 _axvii,581 p. ;
_c23 cm
942 _2ddc
_cMAIN
999 _c10466
_d10467